[Event "World Junior U20 Open 2018"]
[Site "Gebze"]
[Date "2018.09.13"]
[Round "9.27"]
[White "Morozov, Nichita"]
[Black "Pigeat, Alexandre"]
[Result "1/2-1/2"]
[WhiteElo "2452"]
[BlackElo "2347"]
[Annotator "TA"]
[PlyCount "115"]
[EventDate "2018.09.05"]
[EventType "swiss"]
[EventCountry "TUR"]
[SourceTitle "playchess.com"]
[Source "ChessBase"]
[SourceQuality "1"]

{[%evp 9,115,14,9,0,10,4,8,0,0,-5,14,0,0,0,0,-40,-17,-7,-6,-22,-5,-20,28,-61,-58,-79,-33,-37,-37,-25,-26,-38,-12,-7,-8,-24,0,-7,0,0,0,0,0,0,0,-19,-19,-19,-19,-19,-19,-19,-19,-19,-19,-19,-19,-19,-19,-27,-19,-19,-19,-19,-19,-12,-12,-12,0,0,0,-19,0,0,0,0,0,0,0,0,0,0,0,0,0,0,0,0,0,0,0,0,0,0,0,0,0,0,0,0,0,0,0,0,0,0,0,0]} 1. Nf3 Nf6 2. e3 d5 3. c4 c6 4. Nc3 a6 5. b3 Bg4 6. Be2 {A11: English Opening: 1...c6} Nbd7 (6... Bxf3 7. Bxf3 e5 8. d3 Bb4 9. Bd2 d4 10. Ne2 Bxd2+ 11. Qxd2 dxe3 12. Qxe3 O-O 13. O-O Re8 {0-1 (69) Short,N (2678)-Laznicka,V (2647) Riadh 2017}) 7. d4 e6 {[%cal Be7e6,Be6e5][%mdl 32]} 8. Bb2 Bd6 9. h3 Bh5 10. a3 $146 ({Predecessor:} 10. O-O O-O {½-½ (10) Mastrovasilis,A (2517)-Kharitonov,A (2560) Kavala 2015}) 10... Qe7 11. g4 Bg6 12. Nd2 e5 13. g5 $1 {[%cal Rg5f6]} Ne4 14. Ndxe4 dxe4 15. d5 $1 a5 16. dxc6 (16. b4 $11) 16... bxc6 $15 17. Na4 Nc5 18. Nxc5 Bxc5 19. h4 h6 20. Rg1 hxg5 21. Rxg5 Bd6 22. Bh5 Rd8 23. Qg4 ({Don't play} 23. Bxg6 Rxh4 24. Rh5 fxg6 $17) 23... Bxh5 24. Rxh5 Rxh5 25. Qxh5 Rb8 26. Qg4 Rxb3 27. Qc8+ Qd8 28. Qxc6+ Qd7 29. Qxd7+ Kxd7 $11 {[%mdl 4096] Endgame KRB-KRB} 30. O-O-O Ke6 31. Kc2 a4 32. Rd5 f6 (32... Bxa3 $6 33. Rxe5+ Kd7 34. Rd5+ Kc6 35. Bxg7 $16) 33. Ra5 Bxa3 34. Bc3 Bb4 35. Ra6+ {The position is equal.} Kf5 36. Bxb4 $1 Rxb4 {KR-KR} 37. Kc3 $1 {[%cal Rc3b4]} Rb3+ 38. Kc2 Rb4 39. Kc3 $1 {[%cal Rc3b4]} Rb3+ 40. Kc2 Rb7 41. Rxa4 Kg4 42. Kc3 Kxh4 43. c5 {Hoping for Kc4.} Kg4 44. Ra2 Kf3 45. Kc4 f5 46. Kd5 Rc7 47. c6 f4 48. Rc2 fxe3 49. fxe3 g5 {[#] Threatens to win with ...g4.} 50. Kd6 Rc8 {And now ...g4 would win.} 51. Kd7 (51. Kxe5 g4 $19) 51... Rg8 52. c7 Kxe3 53. c8=Q Rxc8 54. Rxc8 (54. Kxc8 $2 {too greedy.} Kf3 $19) 54... g4 {[#] aiming for ...g3.} 55. Ke6 Kf4 56. Rf8+ Kg3 {...e3 is the strong threat.} 57. Kf5 e3 58. Rg8 {Precision: White = 64%, Black = 70%.} 1/2-1/2

[Event "World Junior U20 Open 2018"]
[Site "Gebze"]
[Date "2018.09.13"]
[Round "9.28"]
[White "Schekachikhin, Maksim"]
[Black "Makhnev, Denis"]
[Result "1/2-1/2"]
[WhiteElo "2356"]
[BlackElo "2449"]
[Annotator "TA"]
[PlyCount "104"]
[EventDate "2018.09.05"]
[EventType "swiss"]
[EventCountry "TUR"]
[SourceTitle "playchess.com"]
[Source "ChessBase"]
[SourceQuality "1"]

{[%evp 23,104,33,31,22,37,27,19,20,18,31,27,25,18,20,24,18,26,21,37,30,45,31,37,30,32,25,39,38,39,32,41,43,54,52,46,34,48,24,17,20,18,26,25,0,0,0,10,6,0,0,0,2,0,0,0,0,0,0,0,0,0,0,0,0,0,0,0,0,0,0,0,0,0,0,0,-163,0,0,0,0,0,0,0]} 1. c4 Nf6 2. d4 e6 3. Nc3 Bb4 4. Qc2 d5 5. cxd5 exd5 6. Bg5 h6 7. Bh4 O-O 8. e3 {E35: Nimzo-Indian: Classical: 4...d5 5 cxd5 exd5} c5 9. dxc5 Be6 10. Nf3 Nbd7 11. a3 Bxc5 12. Be2 Rc8 {LiveBook: 18 Games} 13. O-O Be7 14. Rac1 Ne4 15. Bxe7 Qxe7 16. Qd3 Ndc5 17. Qd1 {[#]} Nxc3 $146 ({Predecessor:} 17... Rfd8 18. Nd4 a6 19. Bf3 Ng5 20. Be2 Nge4 21. Bf3 Ng5 22. Be2 {½-½ (22) Socko,B (2584)-Gelfand,B (2740) Civitanova Marche 2016}) 18. Rxc3 Ne4 19. Rxc8 Rxc8 20. Nd4 Qc5 21. Bd3 {[%cal Be2d3,Bd3b1,Bb1a2][%mdl 32]} Nf6 22. Qe2 Bg4 23. f3 Bd7 24. Bb1 Qc4 25. Qd2 Qc5 26. Re1 Rc7 {[%cal Bc8c7,Bc7e7,Be7e6][%mdl 32]} 27. Ne2 Qb6 28. Nc3 Bc6 29. Ba2 Re7 30. Re2 Bb5 31. Nxb5 Qxb5 32. Kf2 Qb6 33. Qb4 (33. Qd1 {is more complex.} Rc7 34. Bb3 Rc6 35. h3 Rd6 36. Rc2) 33... Qxb4 34. axb4 $11 {[%mdl 4096] Endgame KRB-KRN} Re6 {[#]} 35. e4 $1 {[%mdl 512]} Rb6 (35... dxe4 36. Bxe6) 36. e5 Ne8 37. Bxd5 Rxb4 38. Ke3 Nc7 39. Be4 Ne6 40. Rc2 Kf8 41. f4 Rb3+ 42. Rc3 Rxb2 43. Rc8+ Ke7 44. f5 $1 {[%cal Rf5e6]} Nd8 45. Rc7+ Ke8 46. f6 gxf6 47. exf6 Rb3+ 48. Kd2 Rb6 49. Re7+ Kf8 50. Rd7 {[%cal Rd7d8] [#] The position is equal.} Ke8 51. Re7+ Kf8 52. Rd7 {[%cal Rd7d8]} Ke8 {Precision: White = 67%, Black = 71%.} 1/2-1/2

[Event "World Junior U20 Open 2018"]
[Site "Gebze"]
[Date "2018.09.13"]
[Round "9.29"]
[White "Sawlin, Leonid"]
[Black "Haria, Ravi"]
[Result "1/2-1/2"]
[WhiteElo "2355"]
[BlackElo "2442"]
[Annotator "TA"]
[PlyCount "110"]
[EventDate "2018.09.05"]
[EventType "swiss"]
[EventCountry "TUR"]
[SourceTitle "playchess.com"]
[Source "ChessBase"]
[SourceQuality "1"]

{[%evp 10,110,47,47,54,52,48,39,62,51,71,30,34,26,27,27,45,45,45,43,43,47,47,49,52,53,53,53,54,14,14,14,22,0,22,18,9,11,13,16,9,16,16,14,14,6,6,16,13,0,34,13,16,21,24,19,19,12,12,12,23,10,24,8,119,0,34,18,33,0,0,0,0,0,0,0,0,0,0,-15,-14,-77,-68,-75,-15,-8,0,0,0,-8,-5,-10,-13,-13,-1,-2,0,0,0,0,0,0,0]} 1. e4 e6 2. d4 d5 3. Nc3 Nc6 4. e5 Nge7 5. Nf3 Nf5 (5... Bd7 6. Ne2 Nf5 7. Ng3 Nh4 8. c3 g6 9. Bf4 f6 10. Nxh4 fxe5 11. Nxg6 hxg6 12. dxe5 Qh4 13. Ne2 {½-½ (32) Karjakin,S (2753)-Jobava,B (2699) Khanty-Mansiysk 2015 CBM 167 [Szabo,Kr]}) 6. h4 {[%cal Bh2h4,Bh4h5][%mdl 32] LiveBook: 11 Games. C10: French with 3 Nc3: Unusual Black 3rd moves and 3...dxe4} b6 7. h5 h6 8. Bf4 $146 {White is slightly better.} ({Predecessor:} 8. a3 Bb7 9. g4 Nfe7 10. Bd3 Qd7 11. Bd2 f6 12. Bf4 O-O-O 13. Qe2 fxe5 14. Bxe5 Nxe5 15. Nxe5 {1-0 (49) Kriebel,T (2375)-Balacek,T (2234) Kouty nad Desnou 2014}) 8... Bb7 9. Qd2 Qd7 10. Nd1 {[%cal Bc3d1,Bd1e3,Be3g2,Bg2f4][%mdl 32]} O-O-O 11. g4 Nfe7 $1 12. Ne3 f6 13. Bb5 a6 14. Bd3 fxe5 15. Bxe5 (15. Nxe5 Nxe5 16. Bxe5 Nc6 $15) (15. dxe5 d4 $17) 15... Kb8 16. Ng2 Nc8 17. Nf4 Bd6 18. Ng6 Rhe8 19. Qe2 N8e7 20. O-O-O Nxg6 21. hxg6 (21. Bxg6 {keeps more tension.} Rf8 22. Bg3 Bxg3 23. fxg3 Qe7 24. Qe3) 21... Rf8 22. g5 Bxe5 ({Don't play} 22... Nxe5 $6 23. dxe5 Bc5 24. gxh6 $16) 23. Nxe5 Nxe5 24. Qxe5 hxg5 25. Rh7 Rg8 $1 26. Re1 Bc8 {[%cal Bb7c8,Bc8d7,Bd7c6][%mdl 32]} 27. Qxg5 Rdf8 28. f4 Qd6 29. Rf1 Kb7 30. c3 Bd7 31. Qe5 a5 32. Kd2 Qe7 33. Rg1 Qf6 34. Ke3 Kc8 35. c4 Bc6 36. Rg5 Qe7 (36... Kd7 $11) 37. a3 ({Resist} 37. cxd5 Bxd5 38. a3 Kb7 $14) (37. Rf5 $1 $16 {[%cal Rf5f8]} Kb7 38. a3 (38. cxd5 Bxd5 39. Rxf8 Qxf8 $14)) 37... Kd7 38. Kd2 Qf6 39. Qxf6 (39. Rh4 {looks sharper.} Qe7 40. Kc1 Kc8 41. Qe3 Qd7 42. c5) 39... Rxf6 40. Ke3 Kd6 41. b3 Bb7 42. Re5 c5 {aiming for ...cxd4+.} 43. f5 $1 exf5 44. Bxf5 Bc6 45. Kd3 {[#]} (45. Rh5 $11) 45... Rgf8 $1 $17 46. Rh5 {[#]} dxc4+ ({Black should play} 46... a4 $1 $17 {[%cal Ra4b3]} 47. bxa4 dxc4+ 48. Kxc4 Ra8) 47. Kxc4 {The position is equal.} Be8 48. Rd5+ Kc7 49. Rg5 cxd4 (49... Bc6 $5 50. Re5 $8 cxd4 $11) 50. Kxd4 Bc6 51. Re5 Rd8+ 52. Kc3 {And now Re7+ would win.} Re8 53. Rxe8 Bxe8 54. Be4 Kd6 55. Kd4 Ke7 {Precision: White = 58%, Black = 62%.} 1/2-1/2

[Event "World Junior U20 Open 2018"]
[Site "Gebze"]
[Date "2018.09.13"]
[Round "9.30"]
[White "Wadsworth, Matthew J"]
[Black "Ozen, Deniz"]
[Result "1-0"]
[WhiteElo "2351"]
[BlackElo "2431"]
[Annotator "TA"]
[PlyCount "215"]
[EventDate "2018.09.05"]
[EventType "swiss"]
[EventCountry "TUR"]
[SourceTitle "playchess.com"]
[Source "ChessBase"]
[SourceQuality "1"]

{[%evp 11,215,0,17,0,0,0,0,0,0,-13,0,-2,0,0,29,0,18,31,27,11,10,8,20,31,15,7,22,8,13,0,0,0,0,0,22,0,0,0,0,-10,0,0,0,0,0,0,26,32,39,37,31,16,25,22,54,60,64,55,149,158,200,194,239,234,277,283,268,293,437,394,395,376,388,403,535,727,728,719,764,700,743,747,715,675,708,698,662,450,5127,6648,2275,6410,5742,5381,6861,6998,4833,5418,6020,5385,5114,6776,9022,7581,5695,5003,12850,29942,12605,12384,11799,1185,5868,6776,5316,4125,6664,8522,6193,5941,4120,4092,2014,1418,29959,29960,29965,29966,29966,29966,29966,29967,29967,29968,29969,29969,29969,29968,29968,29970,29967,29971,29971,29972,29971,29974,29973,29975,29973,29974,29974,29975,29973,29975,29975,29976,29975,29976,29976,29975,29975,29976,29976,29975,29974,29976,29977,29978,29978,29979,29979,29979,29981,29980,29982,4137,29983,29984,29984,29985,29985,29986,29986,29987,29986,29987,29987,29987,29989,4133,29992,29991,29993,29994,29994,29992,29993,29994,29994,29995,29995,29996,29996,29995,29997,29998]} 1. Nf3 Nf6 2. g3 d5 3. Bg2 c6 4. c4 Bf5 5. cxd5 cxd5 6. Qb3 Qb6 (6... Nc6 {looks sharper.} 7. Nc3 e5 8. O-O Rc8 9. d3 Na5) 7. Nc3 {A11: English Opening: 1...c6} (7. Qxb6 axb6 8. Nc3 Nc6 9. d3 e6 10. Bd2 Be7 11. Nh4 Bg4 12. h3 Bh5 13. g4 Bg6 14. f4 Nd7 15. Nf3 Ra5 16. Nd1 Ra6 17. Nc3 Ra5 {1-0 (83) Radjabov,T (2793)-Kamsky,G (2762) Beijing 2012}) 7... Qxb3 8. axb3 {Nb5 is the strong threat.} Nc6 9. d3 {The position is equal.} e6 10. O-O Bc5 11. Bf4 O-O 12. Rfc1 $146 ({Predecessor:} 12. Nb5 Rfd8 13. Rfc1 Be7 14. Nfd4 Nxd4 15. Nxd4 {1-0 (42) Pinheiro,I (2328)-Memoria Hyppolito,F (2024) Fortaleza 2015}) 12... Ng4 13. Nd1 Bb6 14. h3 Nf6 {[%cal Bg4f6,Bf6d7,Bd7e5][%mdl 32]} 15. g4 Bg6 16. Nc3 a6 17. Na4 Ba7 $1 18. Nc5 Bxc5 $1 19. Rxc5 Nd7 20. Rc3 f6 21. Bd6 Rfe8 22. e3 Nde5 23. Ne1 Rad8 24. Bc5 Nd7 25. Ba3 d4 (25... Ndb8 {is interesting.} 26. d4 e5 27. Nc2 exd4 28. exd4 Be4) 26. Rxc6 bxc6 27. Bxc6 dxe3 28. fxe3 Ne5 29. Bxe8 Rxe8 30. d4 Nd3 31. Nf3 Rc8 32. Bc5 Nxb2 33. Rxa6 Nd3 34. b4 {[%cal Bb3b4,Bb4b5][%mdl 32]} e5 {[#]} ({Better is} 34... Rb8 $14) 35. Nh4 $1 $16 Be4 36. Nf5 Rb8 {[#]} 37. Nd6 $1 {[%cal Rd6e4]} Bf3 38. b5 exd4 39. exd4 {Threatens to win with Ra3.} Be2 (39... Nf4 $142 40. Kh2 Ba8) 40. Ra2 Nf4 41. Kh2 Bxb5 42. Rb2 Nxh3 43. Rxb5 Rxb5 44. Nxb5 Nf4 45. Nc7 Kf7 46. d5 Nd3 47. Ba3 g6 48. d6 Ne5 49. Kg3 h5 (49... Nd7 $142 50. Bb2 Nc5) 50. gxh5 $18 gxh5 51. Kh4 Kg6 52. Bb2 {Intending Bxe5 and mate.} Nd7 53. Bd4 Kf5 54. Kxh5 Ke4 55. Bb2 f5 56. Kg5 f4 57. Kg4 f3 58. Kg3 Nc5 59. Ba3 Nd7 60. Kf2 Ne5 61. Bb2 {White threatens Bxe5 and mate.} Nd3+ 62. Kf1 {Threatening mate with d7.} Nc5 63. Bf6 Nd7 64. Be7 Nc5 65. Ne8 Ke5 66. Nf6 Ke6 67. Kf2 Nb3 68. Ne4 Nd4 69. Nc5+ Kd5 70. d7 Nc6 71. Nd3 Ke6 72. d8=Q Nxd8 73. Bxd8 Kd5 74. Bg5 Ke4 75. Nc5+ Kd5 76. Be3 Ke5 77. Kxf3 Kd5 78. Kf4 Kd6 79. Ke4 Kc6 80. Kd4 Kd6 81. Bf4+ Kc6 82. Kc4 Kb6 83. Na4+ Kc6 84. Nc3 Kb6 85. Be3+ Kc6 86. Bc5 Kc7 87. Nd5+ Kd7 88. Nf4 Kc6 89. Ne6 Kb7 90. Kb5 Ka8 91. Kc6 Kb8 92. Nc7 Kc8 93. Ba7 Kd8 94. Nd5 Ke8 95. Kd6 Kf7 96. Ne7 Kg7 97. Be3 Kf6 98. Bf4 Kf7 99. Bg5 Ke8 100. Ke6 (100. Ng6 $142 Kf7 101. Nh4 Kf8 102. Ke6 Kg8 103. Nf5 Kf8 104. Be7+ Kg8 105. Kf6) 100... Kf8 101. Bf6 {White mates.} Ke8 102. Nf5 Kf8 103. Ng7 Kg8 104. Ke7 Kh7 105. Kf7 Kh6 106. Be7 Kh7 107. Bg5 Kh8 108. Ne6 {Precision: White = 85%, Black = 38%.} 1-0

[Event "World Junior U20 Open 2018"]
[Site "Gebze"]
[Date "2018.09.13"]
[Round "9.31"]
[White "Galperin, Platon"]
[Black "Zarubitski, Viachaslau"]
[Result "0-1"]
[WhiteElo "2348"]
[BlackElo "2425"]
[Annotator "TA"]
[PlyCount "42"]
[EventDate "2018.09.05"]
[EventType "swiss"]
[EventCountry "TUR"]
[SourceTitle "playchess.com"]
[Source "ChessBase"]
[SourceQuality "1"]

{[%evp 11,42,0,21,0,0,0,0,-1,51,57,53,41,72,56,112,25,0,16,9,47,218,132,901,-81,-85,-149,-163,-662,-648,-621,-530,-29998,-29999]} 1. c4 c6 2. e4 d5 3. exd5 cxd5 4. d4 Nf6 5. Nc3 Nc6 6. Bg5 Ne4 7. Nxe4 {B13: Caro-Kann: Exchange Variation and Panov-Botvinnik Attack} dxe4 8. Ne2 (8. d5 Ne5 9. Qb3 f6 10. Be3 Qa5+ 11. Bd2 Qc7 12. f3 exf3 13. Nxf3 Nxf3+ 14. Qxf3 Qe5+ {½-½ (43) Naiditsch,A (2712)-Grachev,B (2672) Sibenik 2012}) 8... Bg4 $1 9. Qb3 $146 {The position is equal.} ({Predecessor:} 9. Qc2 Qd7 10. a3 Bxe2 11. Bxe2 Nxd4 12. Qxe4 f5 13. Qd3 e5 14. Rd1 g6 {½-½ (24) Dann,M (2482)-Braun,A (2585) Boeblingen 2016}) 9... Bxe2 (9... Qb6 $11) 10. Bxe2 $14 Nxd4 11. Qxb7 Rb8 12. Qxe4 f5 {[#]} ({Black should try} 12... Rxb2 $14 13. Bd3 Qa5+ 14. Kf1 Qxg5 15. Qa8+ Kd7 16. Qxa7+ Ke8 17. Qa8+ (17. Qxd4 Qf6 $14) 17... Kd7 18. Qa7+ Ke8 19. Qxd4 Qf6 20. Qxf6 exf6) 13. Bh5+ (13. Qd3 $1 $16 {And now 0-0-0 would win.} Rxb2 14. Bd1) 13... g6 $11 14. Qe5 Nc2+ 15. Ke2 Nxa1 $2 (15... Nd4+ $14 16. Kf1 Rg8) 16. Bf3 ({Less strong is} 16. Rxa1 Rg8 $14) 16... Rg8 $2 {[%mdl 8192]} (16... Qd6 $16 17. Qxh8 Qe6+ 18. Kd2 Rd8+ 19. Bd5 (19. Kc3 Kf7 $11) 19... Rxd5+ 20. cxd5 Qxd5+ 21. Kc1 Qxg2) 17. Rxa1 $2 {[#]} (17. Bc6+ $18 Kf7 18. Bd5+ Ke8 19. Bxg8) 17... Bg7 $1 $36 {[%cal Rg7e5][%mdl 2048] Black has strong initiative.} 18. Bc6+ (18. Qe3 $142 Bd4 19. Qe6 Rxb2+ 20. Kd3) 18... Kf8 19. Qe6 $2 (19. Qe3 Bd4 20. Qe6 Rxb2+ 21. Kd3) 19... Rxb2+ $19 20. Kf3 Qd3+ 21. Be3 Qe2+ {Precision: White = 21%, Black = 46%.} 0-1

[Event "World Junior U20 Open 2018"]
[Site "Gebze"]
[Date "2018.09.13"]
[Round "9.32"]
[White "Raja Harshit"]
[Black "Hollan, Martin"]
[Result "1/2-1/2"]
[WhiteElo "2419"]
[BlackElo "2336"]
[Annotator "TA"]
[PlyCount "222"]
[EventDate "2018.09.05"]
[EventType "swiss"]
[EventCountry "TUR"]
[SourceTitle "playchess.com"]
[Source "ChessBase"]
[SourceQuality "1"]

{[%evp 27,222,21,40,57,86,80,71,35,25,25,59,75,64,77,68,45,44,37,40,47,39,32,35,35,48,43,55,35,43,44,53,43,63,35,36,30,18,16,22,20,83,84,82,84,83,83,86,40,42,20,20,0,20,23,23,23,63,31,63,32,63,48,63,48,48,48,63,48,66,65,71,68,71,63,63,63,72,63,63,63,63,48,65,48,63,48,48,0,62,2,2,2,2,2,2,2,2,2,2,0,2,2,2,0,2,2,2,2,2,2,2,2,2,2,2,2,2,0,0,0,2,2,2,2,2,2,2,2,2,2,2,0,0,0,2,2,11,13,12,2,3,2,22,6,6,2,4,0,6,0,0,0,0,0,8,0,2,0,2,1,2,0,0,0,0,-8,-8,-8,-8,-8,-8,-8,0,0,0,0,0,0,0,0,0,0,0,-8,0,0,0,0,0,0,0,0,0,0,0,0,0]} 1. e4 e5 2. Nf3 Nc6 3. Bb5 a6 4. Ba4 Nf6 5. O-O Be7 6. Re1 b5 7. Bb3 O-O 8. c3 d6 9. h3 Bb7 10. d4 Nd7 11. Nbd2 {[%cal Bb1d2,Bd2f1,Bf1g3,Bg3f5,Bf5d6][%mdl 32]} exd4 {C92: Closed Ruy Lopez: 9...Be6, Karpov and Flohr-Zaitsev Variations} 12. cxd4 Bf6 13. Nf1 Na5 14. Bc2 c5 {LiveBook: 8 Games} 15. e5 dxe5 16. dxe5 {[#] Black must now prevent Qd3.} Be7 {[#]} 17. Ng3 $146 (17. Qd3 $5 {[%cal Rd3h7]} g6 18. Bh6 $14) ({Predecessor:} 17. Qd3 g6 18. Bh6 Re8 19. e6 fxe6 {1-0 (35) Lei,T (2514)-Neiksans,A (2582) Riga 2017}) 17... Re8 $1 18. Nf5 Nf8 19. Qxd8 ({Much weaker is} 19. Nxe7+ Qxe7 20. Qe2 Nc4 $15) 19... Bxd8 20. Nd6 Re7 21. Bg5 Rd7 22. Be3 Ne6 23. Nxb7 Nxb7 24. Red1 Rc7 25. Be4 Be7 26. a4 {[#] Threatens to win with axb5.} Rd8 27. Rxd8+ Nbxd8 28. axb5 axb5 29. Ra8 g6 30. Bh6 Bf8 31. Bd2 Kg7 32. Rb8 b4 33. Rb6 c4 (33... Ra7 $11 {keeps the balance.}) 34. Bxb4 $16 Bxb4 35. Rxb4 c3 36. bxc3 Rxc3 37. Rb8 Rc4 38. Bd5 Rc5 39. Be4 (39. Bb3 {is more complex.} Rc1+ 40. Kh2 Rb1 41. Rb5 Rb2 42. Kg3) 39... Nc6 40. Bxc6 Rxc6 $11 {[%mdl 4096] Endgame KRN-KRN} 41. g3 Rc2 42. Kg2 h6 43. Rb4 Ra2 44. Re4 Kf8 45. h4 Ke7 46. Rc4 h5 47. Rc6 Re2 48. Ra6 Rb2 49. Ra7+ Kf8 50. Rd7 Ke8 51. Rd5 Nc7 52. Rd6 (52. Ra5 {looks sharper.} Ne6 53. Ne1 Rd2 54. Ra3 Nd4 55. Nf3) 52... Rb5 53. Rd2 Ne6 54. Ra2 Rc5 55. Kf1 Rd5 56. Ra7 Rb5 57. Ra2 Ke7 (57... Rd5 $11) 58. Ke2 ({White should play} 58. Re2 $14) 58... g5 {The position is equal.} 59. Ra7+ Kf8 $1 60. Ra8+ Ke7 61. hxg5 Nxg5 62. Ra7+ Kf8 $1 63. Ra8+ Ke7 64. Nd4 Rxe5+ 65. Kd3 Rc5 66. Ra7+ Kf6 67. Ra6+ Ne6 68. Ke2 Re5+ 69. Kf3 Kg7 70. Nc2 Rf5+ 71. Kg2 Rg5 72. Kh3 Rf5 73. Kg2 Rg5 74. Ne3 Re5 75. Ra3 Rb5 76. Ra4 Rb2 77. Nf5+ Kf6 78. Ra5 Ng5 79. Nh4 Ne4 80. Rf5+ Ke6 81. Rf4 Nf6 (81... Nc5 {seems wilder.} 82. Nf5 Kf6 83. Nd6+ Ke7 84. Rd4 Rc2) 82. Nf5 Ra2 83. Ne3 Ra5 84. Kh3 Rb5 85. Ra4 Ke7 86. Ra7+ Kf8 87. Ra4 Kg7 88. Rf4 Kg6 89. Rd4 Rb2 90. Kg2 Rb6 91. Kf3 Ra6 92. Rb4 Ra3 93. Rb6 Kg7 94. Kf4 Rxe3 95. Rxf6 $1 {KR-KR} Re2 96. Ra6 Rxf2+ 97. Kg5 Rf3 98. Kxh5 Rxg3 99. Ra5 Kf6 100. Ra6+ Ke5 101. Ra5+ Ke6 (101... Kd4 {looks sharper.} 102. Ra4+ Kc5 103. Rf4 Kd6 104. Rxf7 Rh3+) 102. Ra6+ Ke7 (102... Kd5 {with more complications.} 103. Ra5+ Kd4 104. Ra4+ Kc5 105. Rf4 Kd6) 103. Ra7+ Kf6 104. Ra6+ Kg7 (104... Kf5 {feels hotter.} 105. Ra5+ Ke4 106. Ra4+ Kd5 107. Ra5+ Kd4) 105. Ra5 f6 106. Ra7+ Kf8 107. Rb7 Rg7 108. Rb8+ Kf7 109. Rb7+ Kg8 110. Rxg7+ Kxg7 111. Kg4 Kf7 {Precision: White = 68%, Black = 63%.} (111... Kg6 $5) 1/2-1/2

[Event "World Junior U20 Open 2018"]
[Site "Gebze"]
[Date "2018.09.13"]
[Round "9.33"]
[White "Garayev, Kanan"]
[Black "Pang, Tao"]
[Result "0-1"]
[WhiteElo "2404"]
[BlackElo "2290"]
[Annotator "NA"]
[PlyCount "86"]
[EventDate "2018.09.05"]
[EventType "swiss"]
[EventCountry "TUR"]
[SourceTitle "playchess.com"]
[Source "ChessBase"]
[SourceQuality "1"]
[TimeControl "40/5400+30:1800+30"]

1. d4 {[%emt 0:01:30]} d5 {[%emt 0:00:30]} 2. c4 {[%emt 0:00:30]} e6 {[%emt 0:00:00]} 3. Nc3 {[%emt 0:00:00]} Nf6 {[%emt 0:01:00]} 4. Nf3 {[%emt 0:00:00]} Be7 {[%emt 0:00:30]} 5. Bg5 {[%emt 0:01:30]} O-O {[%emt 0:01:00]} 6. e3 {[%emt 0:00:30]} Nbd7 {[%emt 0:04:30]} 7. Qc2 {[%emt 0:03:00]} c6 {[%emt 0:09:30]} 8. Rd1 {[%emt 0:02:30]} b6 {[%emt 0:09:30]} 9. Bd3 {[%emt 0:04:30]} h6 {[%emt 0:03:30] LiveBook: 9 Games D61: Damengambit (Hauptvariante mit 7.Dc2)} 10. Bf4 {[%emt 0:06:30]} Ba6 {[%emt 0:09:30]} 11. Qe2 {[%emt 0:06:30]} Bxc4 {[%emt 0:10:30]} 12. Bxc4 {[%emt 0:00:30]} dxc4 {[%emt 0:00:30]} 13. Qxc4 {[%emt 0:01:30] [#]} Qc8 $146 {[%emt 0:00:30]} ({Vorgänger:} 13... Nd5 14. Bg3 N7f6 15. Ne5 Bb4 16. Qd3 Rc8 17. O-O Nh5 18. Ne4 Be7 19. a3 Ndf6 20. Nxf6+ Bxf6 21. Qe4 Qd5 22. Qxd5 {½-½ (22) Mchedlishvili,M (2619)-Prohaszka,P (2512) Budva 2009}) 14. e4 {[%emt 0:02:30]} Qb7 {[%emt 0:02:30]} 15. O-O {[%emt 0:05:30]} b5 {[%emt 0:00:30]} 16. Qb3 {[%emt 0:36:00]} b4 {[%emt 0:08:30]} 17. e5 {[%emt 0:55:30]} Nd5 {[%emt 0:00:30]} 18. Nxd5 {[%emt 0:00:30]} cxd5 {[%emt 0:00:30]} 19. Qe3 {[%emt 0:07:30]} Kh7 {[%emt 0:08:30]} 20. Qd3+ {[%emt 0:00:30]} Kh8 {[%emt 0:01:30]} 21. h4 {[%emt 0:03:30]} Rfc8 {[%emt 0:02:30]} 22. g4 {[%emt 0:04:30]} Nf8 23. Kh1 {[%emt 1:18:30]} Qc6 {[%emt 1:18:30]} 24. Rd2 {[%emt 0:00:30]} Qc4 {[%emt 0:00:30]} 25. Qb1 {[%emt 0:00:30]} b3 {[%emt 0:00:30]} 26. a3 {[%emt 0:00:30]} Qa4 {[%emt 0:00:30]} 27. h5 {[%emt 0:00:30]} Rc2 {[%emt 0:00:30]} 28. Rg1 {[%emt 0:03:55]} Nh7 {[%emt 0:03:30]} 29. Qd1 {[%emt 0:02:59]} (29. Qe1 $142) 29... Rac8 {[%emt 0:00:30]} 30. Ne1 {[%emt 0:03:07]} Rxd2 {[%emt 0:03:33]} 31. Qxd2 {[%emt 0:00:30]} Bg5 {[%emt 0:02:54]} 32. Be3 $17 {[%emt 0:05:55]} Bxe3 {[%emt 0:04:26]} 33. Qxe3 {[%emt 0:00:33]} Ng5 {[%emt 0:03:43]} 34. f4 {[%emt 0:02:12]} Ne4 {[%emt 0:00:02]} 35. g5 {[%emt 0:00:10]} Qc4 {[%emt 0:00:44]} 36. gxh6 {[%emt 0:03:48]} gxh6 {[%emt 0:00:01]} 37. Nf3 {[%emt 0:01:29]} Qc2 {[%emt 0:01:04]} 38. Rg2 {[%emt 0:00:49]} Qb1+ {[%emt 0:01:07]} 39. Kh2 {[%emt 0:02:16]} Rc1 {[%emt 0:00:06]} 40. Kh3 {[%emt 0:00:26]} Rh1+ {[%emt 0:00:00]} 41. Kg4 {[%emt 0:02:51]} f5+ {[%emt 0:01:20]} 42. exf6 {[%emt 0:00:30]} Nxf6+ {[%emt 0:00:30]} 43. Kg3 {[%emt 0:00:30]} Nxh5+ {[%emt 0:00:00]} 0-1